MARC

LEADER 00000nam0a2200000 4500
001 24286
005 20231101205611.0
010 |a 5881511948 
035 |a (RuTPU)RU\TPU\book\24513 
035 |a BOOK00002281 
090 |a 24286 
100 |a 20011209d1999 m y0rusy50 ca 
101 0 |a rus 
102 |a RU 
105 |a a j 000zy 
200 1 |a Породоразрушающий инструмент  |e учебное пособие  |f В. Г. Сократов  |g Пермский государственный университет 
210 |a Пермь  |d 1999 
215 |a 63 с. 
606 1 |a Бурильные инструменты  |x Эксплуатация  |2 stltpush  |3 (RuTPU)RU\TPU\subj\30444  |9 53552 
610 1 |a горное дело 
610 1 |a скважины 
610 1 |a бурение 
610 1 |a породоразрушающие инструменты 
610 1 |a учебные пособия 
675 |a 622.24.05(075.8)  |v 3 
700 1 |a Сократов  |b В. Г.  |g Виталий Георгиевич 
712 0 2 |a Пермский государственный университет  |2 stltpush  |3 (RuTPU)RU\TPU\col\189  |9 23260 
801 0 |a RU  |b 63413507  |c 20011209  |g PSBO 
801 2 |a RU  |b 63413507  |c 20140623  |g PSBO 
942 |c BK